|
|
|
|
| LEADER |
00000nab a2200000ua 4500 |
| 001 |
vtls010853601 |
| 003 |
SK-MaSNL |
| 005 |
20260303120421.0 |
| 008 |
230131s1954 xo |||||||||||||||||slo| |
| 035 |
|
|
|a (urnnbn)urn:nbn:sk:snk:ar-a07fcc
|
| 035 |
|
|
|a urn:nbn:sk:snk-ab6dca
|
| 035 |
|
|
|a (uuid)ffca12bc-b15f-4a8b-80a4-eef1722587df
|
| 040 |
|
|
|a SNKBUCL
|b slo
|c SNKBUCL
|e AACR2
|
| 041 |
0 |
|
|a slo
|
| 044 |
|
|
|a xo
|c SK
|
| 100 |
1 |
|
|a Oľšanová, Anna
|4 aut
|9 268986
|
| 245 |
1 |
0 |
|a Didaktická hra na materskej škole
|c Anna Oľšanová
|
| 773 |
0 |
|
|t Materská škola : pedagogický časopis pre učiteľky materských škôl
|g Roč. 1, č. 2 (1954), s. 73-74
|
| 954 |
|
|
|a odborná, vedecká literatúra pôvodná (slovenská)
|2 lita
|
| 958 |
|
|
|a OND
|
| 958 |
|
|
|a EUIPO
|
| 958 |
|
|
|a article5
|
| 999 |
|
|
|c 1909532
|d 1911462
|